Artículos de crítica literaria y artística

Enregistré dans:
Détails bibliographiques
Auteur principal: Larra, Mariano José de
Format: Livre
Langue:Undetermined
Publié: Madrid, España Espasa-Calpe 1975
Sujets:
Tags: Ajouter un tag
Pas de tags, Soyez le premier à ajouter un tag!

MARC

LEADER 00000nam a2200000Ia 4500
008 170316s9999 xx 000 0 und d
040 |a cru BVZT 
090 |a 862 L-8acr 
100 |a Larra, Mariano José de 
245 |a Artículos de crítica literaria y artística 
260 |a Madrid, España 
260 |b Espasa-Calpe 
260 |c 1975 
300 |a 272 páginas 
650 |a LITERATURA ESPAÑOLA 
999 |c 10094  |d 10094 
942 |c 15 D  |h 862 L-8acr  |2 z